Statistics for Matchup - Complete the Movie Titles

Click here to take the quiz!

General Stats

  • This quiz has been taken 403 times
  • The average score is 19 of 20

Answer Stats

Movie% Correct
BeastBeauty and the {Beast}
100%
FutureBack to the {Future}
97%
Mamma{Mamma} Mia!
97%
BlackMen in {Black}
97%
HungerThe {Hunger} Games
96%
HardDie {Hard}
95%
LionThe {Lion} King
95%
Planet{Planet} of the Apes
94%
SenseThe Sixth {Sense}
94%
GalaxyGuardians of the {Galaxy}
93%
SecretThe {Secret} Life of Pets
93%
JungleThe {Jungle} Book
92%
AlmightyBruce {Almighty}
91%
JediReturn of the {Jedi}
91%
DarkThe {Dark} Knight
91%
InfinityAvengers: {Infinity} War
90%
Raiders{Raiders} of the Lost Ark
90%
GreatestThe {Greatest} Showman
90%
FateThe {Fate} of the Furious
87%
Shrek{Shrek} the Third
86%

Score Distribution

Percentile by Number Answered

Percent of People with Each Score

Your Score History

You have not taken this quiz